| 000 | 01201cam a22003497a 4500 | ||
|---|---|---|---|
| 003 | CHAP | ||
| 005 | 20220817041719.0 | ||
| 008 | 971013s1980 r 00010 d | ||
| 010 | _a22308 | ||
| 011 | _a23280 | ||
| 035 | _a27376 | ||
| 040 | _cCHAP | ||
| 082 |
_a634 _bA8 |
||
| 100 | 0 | 0 |
_aAtkinson, D. _98248 |
| 245 | 0 | _aMineral nutrition of fruit trees | |
| 260 |
_aLondon : _bButterworths, _c1980 |
||
| 300 |
_a435 p. _b: ilus |
||
| 490 | 0 | _aStudies in the agricultural and food sciences | |
| 590 |
_aBATCH-UPD _b10 _c20130110 _lUCH01 _h2011 |
||
| 590 |
_aBATCH-UPD _b10 _c20130410 _lUCH01 _h1330 |
||
| 590 |
_aBATCH-UPD _b10 _c20130914 _lUCH01 _h0612 |
||
| 590 |
_aCONVERSION _b10 _c20130109 _lUCH01 _h1313 |
||
| 650 | 1 | 4 | _aArboles frutales. |
| 650 | 1 | 4 |
_aPlantas _xNutrición. _988874 |
| 830 | 0 |
_aStudies in the agricultural and food sciences _9110084 |
|
| 901 | _aBK | ||
| 942 | _cLIBRO | ||
| 949 |
_a634 A8 _bBC _cLIBRO _d33724000200903 _eLIBRO _h50401 _i27376 _si |
||
| 949 |
_a634 A8 _bBC _cLIBRO _d33724000200911 _eLIBRO _fc.2 _h53372 _i27376 _si |
||
| 949 |
_a634 A8 _bBC _cLIBRO _d33724000201042 _eLIBRO _fc.3 _h53373 _i27376 _si |
||
| 949 |
_a634 A8 _bBC _cLIBRO _d33724000201364 _eLIBRO _fc.4 _h54958 _i27376 _si |
||
| 999 |
_c22308 _d22308 |
||